Vista normal
Vista MARC
Gestión de alianzas estratégicas (Registro nro. 6941)
[ vista simple ]
| 000 -Cabecera (24) | |
|---|---|
| Campo de control interno | 01156nam a22002777a 4500 |
| 001 - Número de control | |
| Campo de control | UTEA |
| 005 - Fecha y hora de la | |
| Campo de control | 20250217092156.0 |
| 006 - Campos de control - información adicional | |
| Campos de control | g||||gr||||||01 nz |
| 007 - Tipo material - Descripcion fisica - info general | |
| Tipo material | ta |
| 008 - Códigos de longitud fija (40p) | |
| Campo de control de longitud fija | 190222b espu||||| |||| 00| 0 spa d |
| 020 ## - INTERNATIONAL STANDARD BOOK NUMBER | |
| ISBN | 9788436826463 |
| 040 ## - Origen de la Catalogacion | |
| Centro catalogador/agencia de origen | utea |
| Centro/agencia transcriptor de catalogación | utea |
| 041 ## - Código de idioma (R) | |
| Código de lengua del texto/banda sonora o título independiente (R) | spa |
| 044 ## - COUNTRY OF PUBLISHING/PRODUCING ENTITY CODE | |
| MARC country code | esp |
| 082 ## - Número de la Clasificación | |
| Número de la Clasificación | 658.16 |
| Notación Interna | SCH31 |
| 100 ## - Autor Personal | |
| Autor Personal | Schaan, Jaen Louis |
| 245 ## - Titulo | |
| Titulo | Gestión de alianzas estratégicas |
| Subtitulo | : Construyendo alianzas que funcionen / |
| Mención del autor | Jean Louis Schaan |
| Medio físico | [Texto Impreso] |
| 250 ## - Mencion de edicion | |
| Mencion de edicion | Primera edición |
| 260 ## - Editorial | |
| Ciudad | [Madrid] |
| Nombre de la Editorial | Pirámide |
| Fecha | 2012 |
| 300 ## - Descripcion | |
| Páginas | 187 páginas: |
| Otros detalles físicos | cuadros,tablas. |
| Dimensiones | 15.5 x 23 cm |
| 505 ## - Nota de contenido formateada | |
| Nota de contenido formateada Índice del Libro] | Contenido: motivación estratégica:¿debería formar una alianza estratégica? -- la selección correcta del socio -- negociación y diseño de la alianza -- implementando condiciones ganadoras -- la teoría d las alianzas estratégicas:una rápida visión general -- casos prácticos. |
| 650 #0 - Temas - Descriptores | |
| Temas - Descriptores | ¿qué son las alianzas estratégicas? |
| 9 (RLIN) | 32590 |
| 650 #0 - Temas - Descriptores | |
| Temas - Descriptores | La dimensión personal |
| 9 (RLIN) | 32592 |
| 650 #0 - Temas - Descriptores | |
| Temas - Descriptores | La agenda del socio |
| 9 (RLIN) | 32591 |
| 942 ## - Datos personalizados Koha | |
| Esquema de Clasificacion | Dewey Decimal Classification |
| Tipo de Documento | Libros |
| Catalogador | Cirila Celinda Molina Chirinos |
| Fecha procesamiento | 2022-08-05 |
| Estado de retiro | Estado de pérdida | Fuente de Clasificacion | Estado | No para préstamo | Escuela Profesional/ Mención de Maestría | Localización permanente | Ubicación/localización actual | Ubicación en estantería | Fecha de adquisición | Fuente de adquisición | Signatura topográfica completa | Código de barras | Tipo de ítem Koha |
|---|---|---|---|---|---|---|---|---|---|---|---|---|---|
| Dewey Decimal Classification | E.P. Turismo, Hotelería y Gastronomía | Biblioteca Abancay UTEA | Biblioteca Abancay UTEA | Área de Ciencias Puras y Aplicada (primer piso) | 02/22/2019 | Compra | 658.16 SCH31 2012 | BABA19020188 | Libros |